Internet of Things v inteligentných budovách

Guardado en:
Detalles Bibliográficos
Autor principal: Kačur, Jakub (Autor)
Otros Autores: Kozák, Štefan (Orientador)
Formato: Manuscrito Libro
Lenguaje:eslovaco
Publicado: 2017
Materias:
Acceso en línea:http://is.stuba.sk/zp/portal_zp.pl?podrobnosti=127390
Etiquetas: Agregar Etiqueta
Sin Etiquetas, Sea el primero en etiquetar este registro!

MARC

LEADER 00000ntm a22000003a 4500
001 stuzp62402
003 SK-STU
005 20170627122940.3
007 ta
008 150427s2015----xo-----f-mn---000-0-slo-d
040 |a STU  |b slo 
041 0 |a slo 
044 |a xo 
100 1 |a Kačur, Jakub  |u 035000  |4 aut  |U FEI Fakulta elektrotechniky a informatiky  |T FEI Ústav informatiky a matematiky  |X 53657  |U E050  |Y 816  |7 53657 
242 0 1 |a Internet of Things in Smart Buildings  |y eng 
245 1 0 |a Internet of Things v inteligentných budovách 
260 |c 2017 
300 |a 38 s., príl.,  |b CD-ROM 
650 4 |a energetická náročnosť  |2 slo 
650 4 |a vykurovanie  |2 slo 
650 4 |a IoT  |2 slo 
650 4 |a cloud  |2 slo 
650 4 |a Azure  |2 slo 
650 4 |a predikcia  |2 slo 
650 4 |a IoT  |2 eng 
650 4 |a Azure  |2 eng 
650 4 |a energy efficiency  |2 eng 
650 4 |a cloud  |2 eng 
650 4 |a heating  |2 eng 
650 4 |a prediction  |2 eng 
700 1 |a Kozák, Štefan  |u 030400  |k Z1  |4 ths  |U FEI Fakulta elektrotechniky a informatiky  |T FEI Ústav automobilovej mechatroniky  |X 1954  |U E400  |Y 642  |7 1954 
856 4 |u http://is.stuba.sk/zp/portal_zp.pl?podrobnosti=127390 
996 |b 284EP11636  |c E*DIPL- 11636  |l EE35  |s P  |a 0  |w stuzp62402_0001